000 00555nam a2200229Ia 4500
003 OSt
005 20221005124347.0
006 a|||||r|||| 00| 0
007 ta
008 221004b |||||||| |||| 00| 0 hin d
024 _a59855
037 _cTextual
040 _aCRL
_cCRL
_bhin
041 _2hin
_ahin
082 _aO152,3M89,1, 33K0
100 _aVarma
245 0 _aMraganayani
260 _c1960
650 _aHINDI LITERATURE
_923866
942 _hO152,3M89,1, 33K0
_cTEXL
_2cc
999 _c1050235
_d1050235